[Event "Sparkassen-Open J"]
[Site "Heusenstamm, Martinsee"]
[Date "2022.11.20"]
[Round "7.1"]
[White "Sydykov, Bayastan"]
[Black "Rudolph, Alexander"]
[Result "1-0"]
[WhiteElo "1681"]
[BlackElo "1434"]
[PlyCount "87"]
[EventDate "2022.??.??"]
[WhiteTeam "SK 1858 Gießen"]
[BlackTeam "SK Tarrasch München"]

1. e4 e5 2. Nf3 Nc6 3. Bb5 Nge7 4. O-O g6 5. d4 exd4 6. Nxd4 Bg7 7. Be3 d5 8.
exd5 Qxd5 9. Nxc6 Qxd1 10. Nxe7+ Qd7 11. Bxd7+ Kxd7 12. Nxc8 Bxb2 13. Bd4 Bxa1
14. Bxa1 Rhxc8 15. Nd2 Re8 16. Rd1 Rad8 17. Bf6 Rc8 18. g4 h6 19. h4 Re2 20.
Kf1 Re6 21. g5 hxg5 22. hxg5 Ra6 23. a3 Kc6 24. Nc4 Kb5 25. Ne5 Rxa3 26. Rb1+
Ka6 27. Nxf7 c5 28. Nd6 Rc7 29. Nb5 Rh7 30. Nxa3 Rh1+ 31. Ke2 Rxb1 32. Nxb1 b5
33. f4 b4 34. f5 b3 35. cxb3 c4 36. fxg6 c3 37. Nxc3 Kb6 38. g7 a5 39. g8=Q a4
40. Bd4+ Kc6 41. Qd5+ Kc7 42. Nb5+ Kc8 43. Qd6 Kb7 44. Qb6+ 1-0

[Event "Sparkassen-Open J"]
[Site "Heusenstamm, Martinsee"]
[Date "2022.11.20"]
[Round "7.2"]
[White "Himmelspacht, Maxim"]
[Black "Meitzner, Jonathan Franz"]
[Result "0-1"]
[WhiteElo "1538"]
[BlackElo "1302"]
[PlyCount "86"]
[EventDate "2022.??.??"]
[WhiteTeam "SK 1858 Gießen"]
[BlackTeam "1. Eichsfelder Sportclub"]

1. e4 c5 2. Nf3 d6 3. Bb5+ Bd7 4. Bxd7+ Nxd7 5. O-O Ngf6 6. Re1 e6 7. c3 Be7 8.
d4 cxd4 9. cxd4 e5 10. Nc3 O-O 11. Be3 a6 12. h3 b5 13. a3 Rb8 14. Qd2 a5 15.
b4 axb4 16. axb4 Nb6 17. Qd3 Nc4 18. Nxb5 Nxe3 19. Rxe3 d5 20. exd5 e4 21. Qe2
exf3 22. gxf3 Nxd5 23. Rb3 Nf4 24. Qc4 Qb6 25. Qc2 Qxb5 26. Qe4 Qg5+ 27. Kf1
Qg2+ 28. Ke1 Qg1+ 29. Kd2 Qxa1 30. Rb1 Qa2+ 31. Ke3 Ng2+ 32. Kd3 Qxb1+ 33. Kd2
Qxe4 34. fxe4 Rxb4 35. d5 Rxe4 36. h4 Rd8 37. Kc3 Rxd5 38. h5 Re6 39. f4 Rc6+
40. Kb3 Rb5+ 41. Ka4 Rb1 42. Ka5 Rc2 43. h6 Ra2# 0-1

[Event "Sparkassen-Open J"]
[Site "Heusenstamm, Martinsee"]
[Date "2022.11.20"]
[Round "7.3"]
[White "Englert, Ann"]
[Black "Draude, Theo"]
[Result "0-1"]
[WhiteElo "1246"]
[BlackElo "1208"]
[PlyCount "66"]
[EventDate "2022.??.??"]
[WhiteTeam "TV-Großostheim"]
[BlackTeam "SF Korbach"]

1. d4 Nf6 2. c4 c5 3. Nf3 e6 4. Nc3 d5 5. cxd5 exd5 6. Bf4 Nc6 7. e3 cxd4 8.
exd4 Bb4 9. Be2 O-O 10. O-O Bf5 11. Bg5 Be7 12. Qb3 Qb6 13. Qxb6 axb6 14. Bxf6
Bxf6 15. Nxd5 Bxd4 16. Nxd4 Nxd4 17. Bc4 Rfe8 18. Nxb6 Rad8 19. Nd5 b5 20. Rad1
bxc4 21. Rxd4 Be6 22. Rfd1 Rxd5 23. Rxd5 Bxd5 24. h3 Be6 25. a3 h6 26. Ra1 Rb8
27. Rb1 c3 28. b4 c2 29. Rc1 Bb3 30. Kf1 Rd8 31. Ke2 Rd1 32. Rxc2 Bxc2 33. b5
Rb1 0-1

[Event "Sparkassen-Open J"]
[Site "Heusenstamm, Martinsee"]
[Date "2022.11.20"]
[Round "7.4"]
[White "Stehning, Michel"]
[Black "Glavev, Danail"]
[Result "0-1"]
[WhiteElo "1136"]
[BlackElo "1289"]
[PlyCount "70"]
[EventDate "2022.??.??"]
[WhiteTeam "SF Braunfels"]
[BlackTeam "SK Bad Homburg 1927"]

1. d4 d5 2. Bf4 Bf5 3. Nf3 Nf6 4. e3 a6 5. Bd3 Bg6 6. O-O e6 7. Qe2 c5 8. c3
Nc6 9. Nbd2 Be7 10. e4 O-O 11. Rac1 Re8 12. e5 Nd7 13. Rfe1 Bh5 14. Qe3 Qb6 15.
b3 cxd4 16. cxd4 Ba3 17. Rc2 Nb4 18. Rc3 Bb2 19. Rc5 Nxc5 20. dxc5 Qc7 21. Nb1
Nxd3 22. Qxd3 Bxf3 23. Qxf3 Qxc5 24. Be3 Qa5 25. Kf1 Bxe5 26. Bd2 Qb5+ 27. Kg1
Bf6 28. Nc3 Bxc3 29. Bxc3 Qd7 30. Rd1 f6 31. Qg4 Qf7 32. Rd3 e5 33. Rg3 Rac8
34. Bd2 Qg6 35. Qh3 Qb1+ 0-1

[Event "Sparkassen-Open J"]
[Site "Heusenstamm, Martinsee"]
[Date "2022.11.20"]
[Round "7.5"]
[White "Dietrich, Fabian"]
[Black "Staat, Christian"]
[Result "1-0"]
[WhiteElo "1471"]
[BlackElo "1220"]
[PlyCount "53"]
[EventDate "2022.??.??"]
[WhiteTeam "SK Marburg 1931/72"]
[BlackTeam "VSG 1880 Offenbach"]

1. e4 e5 2. Nf3 Nc6 3. d4 exd4 4. Bc4 Nf6 5. e5 d5 6. Bb5 Nd7 7. Bxc6 bxc6 8.
Nxd4 c5 9. Nc6 Qh4 10. Nc3 d4 11. g3 Qh3 12. Nd5 Be7 13. Ncxe7 Bb7 14. Nf4 Qh6
15. O-O g5 16. Nf5 Qc6 17. f3 gxf4 18. Bxf4 Rg8 19. Qd2 Qe6 20. Nh6 Rf8 21. Ng4
O-O-O 22. a4 Bxf3 23. Rxf3 Qxg4 24. Raf1 Rde8 25. Qa5 Nxe5 26. Qa6+ Kb8 27.
Rb3+ 1-0

[Event "Sparkassen-Open J"]
[Site "Heusenstamm, Martinsee"]
[Date "2022.11.20"]
[Round "7.6"]
[White "Sreeramulu, Aarush"]
[Black "Milman, Sophie"]
[Result "1-0"]
[WhiteElo "1526"]
[BlackElo "1184"]
[PlyCount "111"]
[EventDate "2022.??.??"]
[WhiteTeam "SK Marburg 1931/72"]
[BlackTeam "VSG 1880 Offenbach"]

1. d4 d5 2. c4 e6 3. Nc3 Nf6 4. Bg5 Nbd7 5. cxd5 exd5 6. e3 c6 7. Nf3 Bd6 8.
Bd3 O-O 9. O-O h6 10. Bxf6 Qxf6 11. Rc1 Nb6 12. Na4 Nxa4 13. Qxa4 Bg4 14. Be2
Qg6 15. Nh4 Qh5 16. Bxg4 Qxg4 17. Nf3 Qf5 18. a3 Rfc8 19. Rc3 Rc7 20. Rfc1 a6
21. Qd1 Rac8 22. h3 Kf8 23. b4 Qd7 24. Nd2 Rb8 25. Nb3 b6 26. Qc2 Rbc8 27. Qd3
Ra7 28. Qc2 Rac7 29. Qh7 f6 30. Qg6 Kg8 31. Qb1 Kh8 32. Qc2 Kg8 33. Nd2 Kh8 34.
Qd3 Ra7 35. e4 dxe4 36. Qxe4 Rac7 37. Nc4 Re8 38. Qf3 Rb8 39. Nxd6 Qxd6 40. Qd3
Ra8 41. Qc4 Kh7 42. g3 Kh8 43. Re1 b5 44. Qc5 Qxc5 45. dxc5 Rd8 46. Re2 Kh7 47.
Kg2 Kg6 48. Kf3 Kg5 49. h4+ Kf5 50. Rce3 Rdd7 51. Re8 Ra7 52. R2e6 Rdc7 53. g4+
Kg6 54. h5+ Kg5 55. Kg3 f5 56. f4# 1-0

[Event "Sparkassen-Open J"]
[Site "Heusenstamm, Martinsee"]
[Date "2022.11.20"]
[Round "7.7"]
[White "Wilczek, Jan-Philipp"]
[Black "Will, Elina"]
[Result "0-1"]
[WhiteElo "1157"]
[BlackElo "1381"]
[PlyCount "120"]
[EventDate "2022.??.??"]
[WhiteTeam "SC Bad Soden"]
[BlackTeam "TuS Makkabi Wiesbaden"]

1. e4 d5 2. exd5 Nf6 3. d4 Nxd5 4. Nf3 Nc6 5. Bc4 e6 6. Bxd5 exd5 7. h3 Bd6 8.
Qe2+ Qe7 9. Qxe7+ Bxe7 10. O-O O-O 11. Nc3 Nb4 12. Ne1 Bf5 13. a3 Nxc2 14. Nxc2
Bxc2 15. Nxd5 Bd6 16. Be3 Bb3 17. Nc3 Rfd8 18. Ne2 Rd7 19. Rac1 c6 20. Rc3 Ba4
21. Rfc1 Bb5 22. Ng3 Re8 23. Nf5 Bc7 24. Rd1 g6 25. Nh6+ Kg7 26. Ng4 f5 27.
Bh6+ Kf7 28. Ne3 Bb6 29. Nc2 c5 30. d5 Re2 31. Be3 Ba4 32. b3 Bxb3 33. Rc1 Bxc2
34. Kf1 Bd3 35. Rxd3 Rb2 36. Bxc5 Bxc5 37. Rxc5 Rb6 38. a4 a6 39. Rdc3 Rbd6 40.
Rd3 b6 41. Rc4 Rxd5 42. Rxd5 Rxd5 43. Rc7+ Kf8 44. Rb7 Ra5 45. Rxb6 Rxa4 46.
Ke2 Ra2+ 47. Ke1 a5 48. g3 a4 49. Ra6 a3 50. Kd1 Rxf2 51. Rxa3 Kg7 52. Ke1 Rh2
53. g4 fxg4 54. hxg4 Rh4 55. Rg3 Kh6 56. g5+ Kh5 57. Kf2 Rf4+ 58. Kg2 Rg4 59.
Kf3 Rxg3+ 60. Kxg3 Kxg5 0-1

[Event "Sparkassen-Open J"]
[Site "Heusenstamm, Martinsee"]
[Date "2022.11.20"]
[Round "7.8"]
[White "Riazi, Dominik"]
[Black "Papadopoulos, Kyriakos"]
[Result "0-1"]
[WhiteElo "1034"]
[BlackElo "1331"]
[PlyCount "100"]
[EventDate "2022.??.??"]
[WhiteTeam "SV Frankfurt Nord 1926"]
[BlackTeam "VSG 1880 Offenbach"]

1. e4 e6 2. d4 d5 3. e5 c5 4. c3 Nc6 5. Nf3 Qb6 6. Bd3 f6 7. O-O Bd7 8. dxc5
Bxc5 9. Bf4 fxe5 10. Bxe5 Nxe5 11. Nxe5 Nf6 12. Nxd7 Nxd7 13. Re1 O-O-O 14. Qe2
Rhg8 15. b4 Bd6 16. Nd2 Rgf8 17. a4 h6 18. a5 Qc7 19. a6 b6 20. c4 Rde8 21. Nf3
Kd8 22. cxd5 exd5 23. Qd2 Bf4 24. Qb2 Ne5 25. Qe2 Nxf3+ 26. gxf3 Rxe2 27. Rxe2
Bxh2+ 28. Kf1 Rxf3 29. Rd1 Qg3 30. Ke1 Qg1+ 31. Kd2 Rxd3+ 32. Kxd3 Qxd1+ 33.
Rd2 Qb3+ 34. Ke2 Qxb4 35. Rxd5+ Kc7 36. Rf5 Qg4+ 37. Ke1 Qxf5 38. Ke2 b5 39.
Kd2 Qxf2+ 40. Kc3 Qf4 41. Kb3 Qd4 42. Kc2 Qe3 43. Kb2 Qd3 44. Kc1 Qe2 45. Kb1
Qd2 46. Ka1 Kc6 47. Kb1 Kc5 48. Ka1 Kb4 49. Kb1 Kb3 50. Ka1 Qa2# 0-1

[Event "Sparkassen-Open J"]
[Site "Heusenstamm, Martinsee"]
[Date "2022.11.20"]
[Round "7.9"]
[White "Jung, Felix"]
[Black "Avhopulo, Kirill"]
[Result "1-0"]
[WhiteElo "1315"]
[BlackElo "1143"]
[PlyCount "55"]
[EventDate "2022.??.??"]
[WhiteTeam "SK Marburg 1931/72"]
[BlackTeam "SK Marburg 1931/72"]

1. e4 e5 2. Nf3 Nf6 3. Nc3 Nc6 4. d4 exd4 5. Nxd4 Bc5 6. Nxc6 bxc6 7. Bg5 d6 8.
Bc4 Be6 9. Bxe6 fxe6 10. f4 e5 11. fxe5 dxe5 12. Qf3 Rb8 13. Na4 Bb6 14. Qc3
Qd7 15. Qxe5+ Kf7 16. Rf1 Qd6 17. Qxd6 cxd6 18. O-O-O Rhd8 19. Nxb6 axb6 20.
Bf4 Ke7 21. e5 dxe5 22. Bxe5 Rxd1+ 23. Rxd1 Ra8 24. Bd6+ Ke6 25. a3 Rd8 26. Bc7
Rxd1+ 27. Kxd1 Kd5 28. Bxb6 1-0

[Event "Sparkassen-Open J"]
[Site "Heusenstamm, Martinsee"]
[Date "2022.11.20"]
[Round "7.10"]
[White "Rafikova, Ailin"]
[Black "Kollmer, Otto"]
[Result "1-0"]
[WhiteElo "1238"]
[BlackElo "880"]
[PlyCount "63"]
[EventDate "2022.??.??"]
[WhiteTeam "SK Sandhausen"]
[BlackTeam "VSG 1880 Offenbach"]

1. e4 e5 2. Nf3 Nc6 3. Bc4 Bc5 4. c3 d6 5. d3 Nf6 6. Nbd2 O-O 7. O-O Be6 8. Bb3
h6 9. Re1 a6 10. Nf1 Qd7 11. Ng3 b5 12. Nh4 Bg4 13. Qd2 Ne7 14. h3 Bxh3 15.
gxh3 Qxh3 16. Nhf5 Nxf5 17. Nxf5 Ng4 18. Ne3 Nh2 19. Bd1 Rfe8 20. Qe2 Re6 21.
Qh5 Rg6+ 22. Kh1 Qxh5 23. Bxh5 Rg5 24. Bd1 Bxe3 25. Bxe3 Rg6 26. Kxh2 Re8 27.
Rg1 Rf6 28. a4 Ree6 29. axb5 axb5 30. Ra5 c6 31. Ra6 c5 32. Rb6 1-0

[Event "Sparkassen-Open J"]
[Site "Heusenstamm, Martinsee"]
[Date "2022.11.20"]
[Round "7.12"]
[White "Alkayas, Mohammad"]
[Black "Jung, Lukas"]
[Result "1-0"]
[WhiteElo "1138"]
[BlackElo "1237"]
[PlyCount "109"]
[EventDate "2022.??.??"]
[WhiteTeam "SK Marburg 1931/72"]
[BlackTeam "SK Marburg 1931/72"]

1. e4 e5 2. Nf3 Nc6 3. Bb5 d6 4. Nc3 Nf6 5. d4 d5 6. dxe5 dxe4 7. Qxd8+ Kxd8 8.
Bxc6 bxc6 9. Ng5 Be6 10. exf6 gxf6 11. Ngxe4 f5 12. Ng3 Bd6 13. Bd2 Rg8 14.
O-O-O f4 15. Bxf4 Ke7 16. Bxd6+ cxd6 17. Rhe1 Kd7 18. Nce4 Ke7 19. Nxd6 Kd7 20.
Nxf7+ Bd5 21. Ne5+ Kc7 22. Nf3 Rad8 23. Nd4 Rg6 24. Re7+ Kb6 25. Nf3 Rgd6 26.
Ree1 a5 27. Ng5 Rb8 28. Nxh7 Rh6 29. Re7 Rxh2 30. Nf6 Ka6 31. Nxd5 cxd5 32.
Rxd5 Rxg2 33. Re6+ Kb7 34. Rd7+ Kc8 35. Rf7 Rg1+ 36. Kd2 Kd8 37. Rh6 Ke8 38.
Rh8+ Kxf7 39. Rxb8 Rg2 40. Ke2 Rg1 41. c4 Rc1 42. Rc8 Ke6 43. Kd2 Ra1 44. a3
Rf1 45. Nxf1 a4 46. c5 Kd5 47. c6 Kd6 48. f4 Ke7 49. f5 Kf6 50. c7 Kxf5 51.
Rf8+ Kg4 52. c8=Q+ Kg5 53. Rf7 Kg6 54. Qg8+ Kh5 55. Rh7# 1-0

[Event "Sparkassen-Open J"]
[Site "Heusenstamm, Martinsee"]
[Date "2022.11.20"]
[Round "7.13"]
[White "Giegerich, Lenn Valentin"]
[Black "Li, Xiao Teng"]
[Result "1/2-1/2"]
[WhiteElo "1213"]
[BlackElo "1173"]
[PlyCount "52"]
[EventDate "2022.??.??"]
[WhiteTeam "SC Aschaffenburg"]
[BlackTeam "SK Bad Homburg 1927"]

1. e4 e5 2. Nf3 Nc6 3. Bc4 Bc5 4. b4 Bxb4 5. c3 Bc5 6. d4 exd4 7. O-O dxc3 8.
Qb3 Qe7 9. Bg5 f6 10. Bf4 Na5 11. Qb5 Nxc4 12. Qxc4 d6 13. Nxc3 Bd7 14. Nd5 Qd8
15. Rab1 Bc6 16. Nb4 Qd7 17. Rfd1 O-O-O 18. Nd3 Qe7 19. Rb2 Qxe4 20. Qxe4 Bxe4
21. Nxc5 Bxf3 22. gxf3 dxc5 23. Rxd8+ Kxd8 24. Rxb7 Ne7 25. Bxc7+ Kd7 26. Bf4+
Ke6 1/2-1/2

[Event "Sparkassen-Open J"]
[Site "Heusenstamm, Martinsee"]
[Date "2022.11.20"]
[Round "7.14"]
[White "Stehning, Toni"]
[Black "Neininger, Pascal"]
[Result "1-0"]
[WhiteElo "1505"]
[BlackElo "1157"]
[PlyCount "81"]
[EventDate "2022.??.??"]
[WhiteTeam "SF Braunfels"]
[BlackTeam "SV Oberursel"]

1. e4 e5 2. Bc4 Nc6 3. Nf3 Nf6 4. d4 d6 5. dxe5 dxe5 6. Qxd8+ Nxd8 7. O-O Bd6
8. Nc3 O-O 9. Bg5 Nh5 10. Rad1 Bg4 11. Rd3 h6 12. Be3 Ne6 13. Bxe6 fxe6 14. Nd2
Nf4 15. Bxf4 exf4 16. f3 Bh5 17. Nb3 Rf6 18. Rfd1 Rg6 19. Kf1 e5 20. Nb5 a6 21.
Nxd6 cxd6 22. Rxd6 Rxd6 23. Rxd6 Rc8 24. c3 Bf7 25. Rd7 Be6 26. Rd6 Bf7 27. Kf2
Kf8 28. Rb6 Rc7 29. a4 Bxb3 30. Rxb3 Rc4 31. Rxb7 Rxa4 32. g3 g5 33. gxf4 gxf4
34. Kg2 Ra1 35. Kh3 Rg1 36. c4 Ke8 37. Ra7 h5 38. Rxa6 Rb1 39. Re6+ Kf7 40.
Rxe5 Rxb2 41. Rxh5 1-0

[Event "Sparkassen-Open J"]
[Site "Heusenstamm, Martinsee"]
[Date "2022.11.20"]
[Round "7.15"]
[White "Löffelholz, Jonas"]
[Black "González Peisker, Mateo"]
[Result "0-1"]
[WhiteElo "1077"]
[BlackElo "1455"]
[PlyCount "78"]
[EventDate "2022.??.??"]
[WhiteTeam "1. Eichsfelder Sportclub"]
[BlackTeam "SV Multatuli Ingelheim"]

1. e4 c6 2. Nc3 d5 3. exd5 cxd5 4. Nge2 Nf6 5. g3 d4 6. Nb5 e5 7. d3 a6 8. Na3
Bxa3 9. bxa3 Be6 10. Bg2 Bd5 11. f3 O-O 12. O-O Nc6 13. c3 Qb6 14. c4 Be6 15.
Bd2 Nd7 16. Rb1 Qc7 17. g4 a5 18. Be1 Nc5 19. Bg3 f5 20. Bh3 f4 21. Bh4 h5 22.
Qd2 Qd7 23. Kh1 hxg4 24. fxg4 Bxg4 25. Bxg4 Qxg4 26. Bf6 Rxf6 27. Rg1 Qf3+ 28.
Rg2 Rg6 29. Rbg1 Rxg2 30. Rxg2 Nxd3 31. Qc2 Qf1+ 32. Ng1 f3 33. Rd2 f2 34. Rxf2
Nxf2+ 35. Qxf2 Qxf2 36. Nh3 Qf3+ 37. Kg1 Qxh3 38. a4 Rf8 39. c5 Qf1# 0-1

[Event "Sparkassen-Open J"]
[Site "Heusenstamm, Martinsee"]
[Date "2022.11.20"]
[Round "7.16"]
[White "Feick, Claas Marten"]
[Black "Meitzner, Johan Eduard"]
[Result "1-0"]
[WhiteElo "1016"]
[BlackElo "1191"]
[PlyCount "133"]
[EventDate "2022.??.??"]
[WhiteTeam "SF Neuberg"]
[BlackTeam "1. Eichsfelder Sportclub"]

1. d4 Nf6 2. e3 g6 3. Nf3 Bg7 4. c4 d6 5. Nc3 O-O 6. Be2 Nbd7 7. O-O e5 8. dxe5
Nxe5 9. Nxe5 dxe5 10. b3 Bf5 11. Qxd8 Raxd8 12. Ba3 Rfe8 13. Rad1 c6 14. Rxd8
Rxd8 15. Be7 Rd7 16. Bxf6 Bxf6 17. e4 Be6 18. Rd1 Rd4 19. f3 Kf8 20. Na4 b6 21.
c5 b5 22. Nb2 Be7 23. Rxd4 Bxc5 24. Nd3 Bxd4+ 25. Kf1 c5 26. f4 f6 27. fxe5
fxe5 28. Ke1 Be3 29. Nxe5 a6 30. Bg4 Ke7 31. Bxe6 Kxe6 32. Ng4 Bd4 33. Kd2 h5
34. Ne3 Ke5 35. Nd5 a5 36. Kd3 g5 37. g3 g4 38. a3 Bg1 39. Nc3 b4 40. axb4 axb4
41. Ne2 Bf2 42. Nf4 Bg1 43. h4 gxh3 44. Nxh3 Bh2 45. Nf4 h4 46. Ng6+ Ke6 47.
gxh4 Bg1 48. Nf4+ Ke5 49. Ng6+ Ke6 50. h5 Kf6 51. e5+ Kf7 52. e6+ Kxe6 53. h6
Bd4 54. h7 Kd6 55. h8=Q Bxh8 56. Nxh8 Kd5 57. Ng6 c4+ 58. bxc4+ Kc5 59. Ne5 b3
60. Kc3 b2 61. Kxb2 Kd4 62. Kb3 Kxe5 63. Kb4 Kd6 64. Kb5 Kc7 65. Kc5 Kd7 66.
Kb6 Kd8 67. Kb7 1-0

[Event "Sparkassen-Open J"]
[Site "Heusenstamm, Martinsee"]
[Date "2022.11.20"]
[Round "7.17"]
[White "Weyerer, Elea"]
[Black "Hochmuth, Lukas Emanuel"]
[Result "1/2-1/2"]
[WhiteElo "1018"]
[BlackElo "1324"]
[PlyCount "64"]
[EventDate "2022.??.??"]
[WhiteTeam "SV Oberursel"]
[BlackTeam "SC Bad Nauheim"]

1. d4 Nf6 2. Bf4 g6 3. Nc3 Bg7 4. e4 d6 5. Qd2 O-O 6. O-O-O Nbd7 7. Bh6 c5 8.
Bxg7 Kxg7 9. h4 cxd4 10. Qxd4 Qb6 11. Qd2 Nc5 12. f3 Be6 13. b3 Qa5 14. Kb2
Rab8 15. g4 b5 16. h5 b4 17. Nb1 Na4+ 18. Ka1 Qe5+ 19. Qd4 Qxd4+ 20. Rxd4 Nc5
21. hxg6 hxg6 22. g5 Nh5 23. Rd2 Rh8 24. Bh3 Nf4 25. Rdh2 Nxh3 26. Nxh3 Bxh3
27. Rxh3 Rxh3 28. Rxh3 Rh8 29. Rxh8 Kxh8 30. a3 a5 31. axb4 axb4 32. Kb2 f6
1/2-1/2

[Event "Sparkassen-Open J"]
[Site "Heusenstamm, Martinsee"]
[Date "2022.11.20"]
[Round "7.18"]
[White "Biallas, Flynn"]
[Black "Löffelholz, Simon"]
[Result "1/2-1/2"]
[WhiteElo "998"]
[BlackElo "1264"]
[PlyCount "35"]
[EventDate "2022.??.??"]
[WhiteTeam "SK Marburg 1931/72"]
[BlackTeam "1. Eichsfelder Sportclub"]

1. e4 c5 2. d4 cxd4 3. Qxd4 Nc6 4. Qc4 d6 5. f4 e5 6. fxe5 dxe5 7. Nf3 a6 8.
Bd3 Nf6 9. Bg5 Be7 10. O-O Qb6+ 11. Kh1 Qxb2 12. Nbd2 Qb6 13. Qc3 Qc7 14. Nc4
Bb4 15. Qb2 Bd6 16. Rad1 Bg4 17. Qb3 Rd8 18. Rd2 1/2-1/2

[Event "Sparkassen-Open J"]
[Site "Heusenstamm, Martinsee"]
[Date "2022.11.20"]
[Round "7.19"]
[White "Kukhtichev, Maksim"]
[Black "Noll, Raphael"]
[Result "1-0"]
[WhiteElo "1242"]
[BlackElo "943"]
[PlyCount "129"]
[EventDate "2022.??.??"]
[WhiteTeam "SK Bad Homburg 1927"]
[BlackTeam "SK Marburg 1931/72"]

1. e4 e5 2. Nf3 Nf6 3. Nxe5 d6 4. Nf3 Nxe4 5. Qe2 Qe7 6. d3 Nf6 7. Nc3 Nc6 8.
Bg5 Be6 9. d4 d5 10. Qe3 h6 11. Bxf6 Qxf6 12. Nxd5 Qd8 13. Nf4 Qd7 14. d5 g5
15. dxe6 Qd6 16. exf7+ Kxf7 17. Bc4+ Kg7 18. Qc3+ Kh7 19. Qd3+ Qxd3 20. Nxd3 g4
21. Nd2 Re8+ 22. Kd1 Bd6 23. g3 Nd4 24. Re1 b5 25. Bb3 c5 26. c3 Nf3 27. Nxf3
gxf3 28. Bc2 c4 29. Ne5+ Kg7 30. Nxf3 Bc5 31. Nd4 Rhf8 32. Rxe8 Rxe8 33. Kd2
Rd8 34. Rd1 Bxd4 35. Kc1 Bb6 36. Rxd8 Bxd8 37. Kd2 Kf6 38. Ke3 Ke5 39. f4+ Kd6
40. Ke4 Ke6 41. Bd1 Kd6 42. Bf3 Ba5 43. Kf5 b4 44. cxb4 Bxb4 45. Kg6 a5 46. f5
a4 47. f6 Kd7 48. Bd5 Ke8 49. Bxc4 a3 50. bxa3 Bxa3 51. Kxh6 Kf8 52. g4 Bd6 53.
h3 Be5 54. g5 Ke8 55. f7+ Kf8 56. a4 Bc3 57. g6 Bb2 58. a5 Bg7+ 59. Kh7 Bc3 60.
a6 Ke7 61. a7 Kd6 62. a8=Q Ke5 63. f8=R Kd4 64. Qd5+ Ke3 65. Rf3# 1-0

[Event "Sparkassen-Open J"]
[Site "Heusenstamm, Martinsee"]
[Date "2022.11.20"]
[Round "7.20"]
[White "Zargaran, Sepas"]
[Black "Wolf, Helena"]
[Result "1-0"]
[WhiteElo "1222"]
[BlackElo "741"]
[PlyCount "73"]
[EventDate "2022.??.??"]
[WhiteTeam "VSG 1880 Offenbach"]
[BlackTeam "SK Bad Homburg 1927"]

1. e4 e5 2. Nf3 Nc6 3. Bb5 a6 4. Ba4 Bc5 5. O-O Nf6 6. c3 O-O 7. d4 exd4 8.
cxd4 Bb6 9. Nc3 Re8 10. Re1 d6 11. d5 Ne5 12. Bxe8 Qxe8 13. Nxe5 dxe5 14. h3 h6
15. Be3 Ba5 16. a3 c6 17. b4 cxd5 18. bxa5 d4 19. Bxd4 exd4 20. Qxd4 Be6 21.
Nd5 Rd8 22. Nxf6+ gxf6 23. Qxf6 Qf8 24. Rad1 Rc8 25. Rc1 Rd8 26. Red1 Rb8 27.
Rc3 Kh7 28. e5 Qg8 29. Rg3 Qf8 30. Rgd3 Qg7 31. Rg3 Qf8 32. Rd4 Qh8 33. Rh4
Qxf6 34. exf6 Rg8 35. Rxg8 Kxg8 36. Rxh6 Kf8 37. Rh8# 1-0

[Event "Sparkassen-Open J"]
[Site "Heusenstamm, Martinsee"]
[Date "2022.11.20"]
[Round "7.23"]
[White "Vasudevan, Ananya"]
[Black "Kim, David"]
[Result "0-1"]
[WhiteElo "874"]
[BlackElo "1312"]
[PlyCount "58"]
[EventDate "2022.??.??"]
[WhiteTeam "SK Langen"]
[BlackTeam "SV 1920 Hofheim"]

1. d4 d5 2. Nc3 Nc6 3. Bf4 Nf6 4. Nb5 e5 5. dxe5 Nh5 6. Bg3 Nxg3 7. hxg3 Nxe5
8. Qd4 Nc6 9. Qe3+ Be6 10. Nd4 Nxd4 11. Qxd4 Qd6 12. a3 Qc5 13. Qe5 Qxc2 14.
Rd1 Qe4 15. Qxe4 dxe4 16. e3 Bc5 17. Rc1 Bb6 18. b4 c6 19. a4 O-O 20. a5 Bc7
21. f3 Bf5 22. Kf2 Rac8 23. g4 Be6 24. fxe4 Bxg4 25. Bd3 Rcd8 26. Rc3 Be5 27.
Rb3 Be6 28. Ra3 Bb2 29. e5 h6 0-1

[Event "Sparkassen-Open J"]
[Site "Heusenstamm, Martinsee"]
[Date "2022.11.20"]
[Round "7.25"]
[White "Kanno, Gabriel"]
[Black "Lenhard, Robert"]
[Result "0-1"]
[WhiteElo "953"]
[BlackElo "799"]
[PlyCount "124"]
[EventDate "2022.??.??"]
[WhiteTeam "SF Essen-Werden 1924/80"]
[BlackTeam "SV 1920 Hofheim"]

1. e4 e5 2. Nf3 Nc6 3. Bc4 Bc5 4. Nc3 Nf6 5. d3 h6 6. Be3 Bb6 7. O-O d6 8. h3
O-O 9. a3 Nd4 10. Nd5 Nxd5 11. Nxd4 Nxe3 12. fxe3 exd4 13. exd4 Bxd4+ 14. Kh1
Be6 15. c3 Bxc4 16. dxc4 Bb6 17. Qh5 Qg5 18. Qf3 Rae8 19. Rae1 Qh4 20. a4 a6
21. b4 Ba7 22. b5 Bc5 23. Qf5 Re5 24. Qd7 Rxe4 25. Rxe4 Qxe4 26. Qxc7 f6 27.
Qd7 a5 28. Rf3 b6 29. Kh2 Qe5+ 30. Rg3 Bg1+ 31. Kh1 Qxg3 32. Kxg1 Qxc3 33. Qxd6
Qxc4 34. Qxb6 Qxa4 35. Kf2 Qc2+ 36. Kf1 a4 37. Qa5 Qb3 38. b6 a3 39. b7 Qxb7
40. Qxa3 Qb1+ 41. Kf2 Rb8 42. Qa5 Qb6+ 43. Qxb6 Rxb6 44. Kf3 Rb4 45. g3 Kf7 46.
Kg2 Kg6 47. Kf3 h5 48. h4 Kf5 49. Kg2 Kg4 50. Kf2 Rb3 51. Ke2 Kxg3 52. Kd2 Kxh4
53. Ke2 Kg4 54. Kd2 Rh3 55. Kc2 Kf4 56. Kd2 Ke4 57. Kc2 Kd4 58. Kb2 Kc4 59. Ka1
Rh2 60. Kb1 Kc3 61. Ka1 Kb3 62. Kb1 Rh1# 0-1

[Event "Sparkassen-Open J"]
[Site "Heusenstamm, Martinsee"]
[Date "2022.11.20"]
[Round "7.26"]
[White "Liu, Jonas"]
[Black "Baumgart, Jost"]
[Result "0-1"]
[WhiteElo "834"]
[BlackElo "1067"]
[PlyCount "40"]
[EventDate "2022.??.??"]
[WhiteTeam "SV Oberursel"]
[BlackTeam "SK Marburg 1931/72"]

1. e4 e5 2. Nf3 Nc6 3. Bc4 Bc5 4. c3 Nf6 5. d3 O-O 6. Bg5 h6 7. Bh4 d6 8. O-O
Be6 9. Bxe6 fxe6 10. Nbd2 d5 11. Re1 Qd6 12. Bxf6 Rxf6 13. d4 exd4 14. e5 Nxe5
15. Nxe5 Raf8 16. Nef3 dxc3 17. bxc3 g5 18. h3 h5 19. g4 Qg3+ 20. Kf1 Qxf2# 0-1

[Event "Sparkassen-Open J"]
[Site "Heusenstamm, Martinsee"]
[Date "2022.11.20"]
[Round "7.27"]
[White "Henzelmann, Matthias"]
[Black "Rafikov, Artur"]
[Result "1-0"]
[WhiteElo "980"]
[BlackElo "785"]
[PlyCount "69"]
[EventDate "2022.??.??"]
[WhiteTeam "SC Heuchelheim"]
[BlackTeam "SK Sandhausen"]

1. d4 d5 2. c4 dxc4 3. e3 Be6 4. Qa4+ Nc6 5. Bxc4 Bxc4 6. Qxc4 e6 7. Nf3 g6 8.
Nc3 Bg7 9. O-O Nf6 10. e4 O-O 11. Bg5 Re8 12. e5 Qe7 13. exf6 Bxf6 14. Bxf6
Qxf6 15. Rad1 Rad8 16. Rd2 Rd7 17. Rfd1 Red8 18. Ne4 Qf4 19. Nc5 Rd5 20. Nxb7
Rb8 21. Qxc6 Rf8 22. Nc5 g5 23. Qa4 g4 24. Ne5 f6 25. Nc6 Qf5 26. Qxa7 Re8 27.
Qxc7 Qf4 28. Ne7+ Kh8 29. Nxd5 Qxc7 30. Nxc7 Re7 31. N7xe6 Ra7 32. b3 Rf7 33.
Rc1 f5 34. Nb7 Rxb7 35. Rc8# 1-0

[Event "Sparkassen-Open J"]
[Site "Heusenstamm, Martinsee"]
[Date "2022.11.20"]
[Round "7.28"]
[White "Pogge von Strandmann, Paul"]
[Black "Buntin, Amelia Bernadette"]
[Result "1-0"]
[WhiteElo "939"]
[BlackElo "761"]
[PlyCount "33"]
[EventDate "2022.??.??"]
[WhiteTeam "SK Marburg 1931/72"]
[BlackTeam "ZSG Grün-Weiß Waltershausen"]

1. e4 e5 2. f4 d6 3. Nf3 Nc6 4. Bc4 Nf6 5. Ng5 Qd7 6. O-O Nxe4 7. Nxe4 d5 8.
Qf3 dxe4 9. Qxe4 Bc5+ 10. Kh1 b6 11. fxe5 Bb7 12. Qh4 Nxe5 13. Bb3 Ng6 14.
Bxf7+ Kf8 15. Bxg6+ Kg8 16. Bf7+ Kf8 17. Be6+ 1-0

[Event "Sparkassen-Open J"]
[Site "Heusenstamm, Martinsee"]
[Date "2022.11.20"]
[Round "7.30"]
[White "Ninnemann, Patrick"]
[Black "Filis, Leon"]
[Result "1-0"]
[WhiteElo "875"]
[BlackElo "731"]
[PlyCount "61"]
[EventDate "2022.??.??"]
[WhiteTeam "SC Bad Soden"]
[BlackTeam "SV 1920 Hofheim"]

1. e4 d5 2. exd5 Nf6 3. d4 Nxd5 4. Nf3 Bg4 5. Bc4 Nf6 6. Nc3 Nc6 7. Be3 e6 8.
Bb5 Qd7 9. Qd2 Bb4 10. Ne5 Qd6 11. Bf4 Bxc3 12. bxc3 Qd5 13. c4 Qxg2 14. Rf1
Qe4+ 15. Qe3 Qxc2 16. Nxc6 bxc6 17. Bxc6+ Nd7 18. Bxa8 O-O 19. Rg1 Rxa8 20.
Rxg4 Qxc4 21. Bh6 g6 22. Rc1 Qxa2 23. Rxc7 Qa5+ 24. Rc3 Rc8 25. Rg3 Nb6 26. Kf1
Ra8 27. Qe5 Qa1+ 28. Kg2 f6 29. Qxe6+ Kh8 30. Qxf6+ Kg8 31. Qg7# 1-0